| 000 | 00597cam a22002051 4500 | ||
|---|---|---|---|
| 001 | he 67000451 | ||
| 003 | DLC | ||
| 005 | 20260227111444.0 | ||
| 008 | 870522s1965 is ac 000 0cheb | ||
| 010 | _ahe 67000451 | ||
| 035 | _a(OCoLC)15726326 | ||
| 040 |
_aDLC _cTxU _dTxU _dDLC |
||
| 042 | _apremarc | ||
| 050 | 0 | 0 |
_aDS110.T8 _bA5 |
| 110 | 1 | _aTsofit (Israel) | |
| 245 | 1 | 0 |
_aSefer Tsofit; _bmaʼasaf mukdash le-reshito, bisuso ve-harḥavato shel ha-kefar. |
| 260 |
_a[Tsofit] _bHotsaʼat Moshav Tsofit, _c725, 1965. |
||
| 300 |
_a287 p. _billus., ports. _c22 cm. |
||
| 651 | 0 | _aZofit (Israel) | |
| 999 |
_c32203 _d32203 |
||